| 000 | 00472nam a22001337a 4500 | ||
|---|---|---|---|
| 082 |
_a347.5491012 _bRAF |
||
| 100 | _aRafiq, Ch Muhammad | ||
| 245 |
_aAppeal, Revision and Review of the Judgments: _b(Criminal & Civil) with all amendment and up to date case laws / _cCh Muhammad Rafiq |
||
| 260 |
_aLahore : _bOmer Law Books House, _cN.A. |
||
| 300 | _a882 p. | ||
| 563 | _aHB. | ||
| 650 |
_aLaw, Appeal, Revision and Review of Judgments _9128314 |
||
| 942 |
_2ddc _cBK |
||
| 999 |
_c613326 _d613326 |
||